El tejado de vidrio (Record no. 99049)

MARC details
000 -LEADER
campo de control de longitud fija 00751nam a2200217 i 4500
001 - NÚMERO DE CONTROL
campo de control 99049
003 - IDENTIFICADOR DE NÚMERO DE CONTROL
campo de control ES-MaACL
005 - FECHA Y HORA DE LA ÚLTIMA TRANSACCIÓN
campo de control 20231228063219.0
007 - CAMPO FIJO DE DESCRIPCIÓN FÍSICA--INFORMACIÓN GENERAL
campo de control de longitud fija t|
008 - DATOS DE LONGITUD FIJA--INFORMACIÓN GENERAL
campo de control de longitud fija 051111s1863 sp |||| | spa d
080 ## - NÚMERO DE LA CLASIFICACIÓN DECIMAL UNIVERSAL
Número de la Clasificación Decimal Universal 821.134.2-22"18"
100 1# - ENTRADA PRINCIPAL--NOMBRE DE PERSONA
Nombre de persona López de Ayala, Adelardo,
Fechas asociadas al nombre 1828-1879
9 (RLIN) 139648
245 13 - MENCIÓN DEL TÍTULO
Título El tejado de vidrio
Resto del título : comedia en cuatro actos y en verso /
Mención de responsabilidad, etc. original de Adelardo López de Ayala.
250 ## - MENCION DE EDICION
Mención de edición 3ª ed.
260 ## - PUBLICACIÓN, DISTRIBUCIÓN, ETC.
Lugar de publicación, distribución, etc. Madrid :
Nombre del editor, distribuidor, etc. [s.n.],
Fecha de publicación, distribución, etc. 1863 (
Fabricante Imp. de José Rodríguez)
300 ## - DESCRIPCIÓN FÍSICA
Extensión 122 p. ;
Dimensiones 19 cm.
530 ## - NOTA DISPONIBLE DE FORMULARIO FÍSICO ADICIONAL
Nota de formato físico adicional disponible Disponible en formato digital.
852 ## - LOCALIZACIÓN
Ubicación ES-MaACL
Número de control de estantería G-12799
856 ## - LOCALIZACIÓN Y ACCESO ELECTRÓNICOS
Identificador Uniforme de Recursos <a href="https://archive.org/details/eltejadodevidrio30612lope/page/n3 ">https://archive.org/details/eltejadodevidrio30612lope/page/n3 </a>
Nota pública Internet Archive
Holdings
Estatus retirado Estado de pérdida Estado de daño No para préstamo Colección Biblioteca de origen Biblioteca actual Ubicación en estantería Fecha de adquisición Fuente de adquisición Total de préstamos Signatura topográfica completa Código de barras Visto por última vez Precio de reemplazo Tipo de ítem Koha
        Colección digital Biblioteca del Ateneo de Madrid Biblioteca del Ateneo de Madrid Sala Pecera Planta 3 17/01/2008     G-12799 1103410 23/02/2023 23/02/2023 Libro impreso antiguo